| 000 | 00477nab a2200145Ia 4500 | ||
|---|---|---|---|
| 003 | ES-SlBCS | ||
| 005 | 20210601124320.0 | ||
| 008 | 140529s1989 xxu||||| |||| 00| 0 eng d | ||
| 041 | _aeng | ||
| 100 | 1 |
_aPreskill, Stephen _9139628 |
|
| 245 | 0 | 0 |
_aEducating for Democracy: Charles W. Eliot and the Differentiated Curriculum _c Stephen Preskill |
| 600 | 1 | 4 |
_aEliot, Charles W. _9139629 |
| 773 | 0 |
_tEducational Theory _gvol. 39, nº. 4, 1989, págs. 351-358 _wRev1399 |
|
| 942 | _cAR | ||
| 999 |
_c512806 _d512806 |
||